| 000 | 00631nam a22001937a 4500 | ||
|---|---|---|---|
| 999 |
_c525869 _d525869 |
||
| 003 | NUST | ||
| 020 |
_a978-969-9199-02-8 _qHB/K |
||
| 038 | _aFaiza | ||
| 082 |
_a891.49109 _bBHT |
||
| 100 |
_aBhuta, Saeed _916816 |
||
| 245 |
_aDais Diyan Waran / _cSaeed Bhuta |
||
| 250 | _a1st ed. | ||
| 260 |
_aLahore : _bPunjab Institute Of Language, Art and Culture, _c2007. |
||
| 300 | _a448 p. ; | ||
| 880 |
_6100-01\r _aسعید بھٹا |
||
| 880 |
_6245-02\r _aدیس دیاں واراں / |
||
| 880 |
_6260-03\r _aلاہور : _bپنجاب انسٹیٹیوٹ آف لینگوئج،آرٹ اینڈ کلچر, _c۲۰۰۷. |
||
| 942 |
_2ddc _cBK |
||